| 000 | 00518nam a22002057a 4500 | ||
|---|---|---|---|
| 003 | PILC | ||
| 005 | 20160119143908.0 | ||
| 008 | 130912t xxu||||| |||| 00| 0 eng d | ||
| 020 | _a0380701294 | ||
| 050 |
_aPS 3561.A88 _b.K21 1986 |
||
| 082 |
_aFIC _bK17c 1985 |
||
| 100 |
_aKavanaugh, James _918975 |
||
| 245 |
_aThe celibates _cJames Kavanaugh |
||
| 260 |
_aNew York : _bAvon Books, _cc1986. |
||
| 300 |
_a428 p. : _c17 cm. |
||
| 562 | _e1 | ||
| 650 |
_aFiction _9746 |
||
| 942 |
_2lcc _cBK |
||
| 999 |
_c11108 _d11108 |
||